ARRUPE JESUIT UNIVERSITY

CORONAVIRUS -STOP THE SPREAD - CLEAN,DISINFECT,COVER

The paradox of subjectivity : (Record no. 122948)

MARC details
000 -LEADER
fixed length control field 01156cam a2200301 a 4500
001 - CONTROL NUMBER
control field 1198786
005 - DATE AND TIME OF LATEST TRANSACTION
control field 20150716143047.0
008 - FIXED-LENGTH DATA ELEMENTS--GENERAL INFORMATION
fixed length control field 980610s1999 nyu b 001 0 eng
010 ## - LIBRARY OF CONGRESS CONTROL NUMBER
LC control number 98028135
020 ## - INTERNATIONAL STANDARD BOOK NUMBER
International Standard Book Number 0195126904 (alk. paper)
035 ## - SYSTEM CONTROL NUMBER
System control number (DLC) 98028135
040 ## - CATALOGING SOURCE
Original cataloging agency DLC
Transcribing agency DLC
Modifying agency DLC
050 00 - LIBRARY OF CONGRESS CALL NUMBER
Classification number BD438.5
Item number .C35 1999
082 00 - DEWEY DECIMAL CLASSIFICATION NUMBER
Classification number 126
Edition number 21
100 1# - MAIN ENTRY--PERSONAL NAME
Personal name Carr, David,
Dates associated with a name 1940-
9 (RLIN) 17965
245 14 - TITLE STATEMENT
Title The paradox of subjectivity :
Remainder of title the self in the transcendental tradition /
Statement of responsibility, etc David Carr.
260 ## - PUBLICATION, DISTRIBUTION, ETC. (IMPRINT)
Place of publication, distribution, etc New York :
Name of publisher, distributor, etc Oxford University Press,
Date of publication, distribution, etc 1999.
300 ## - PHYSICAL DESCRIPTION
Extent xii, 150 p. ;
Dimensions 24 cm.
504 ## - BIBLIOGRAPHY, ETC. NOTE
Bibliography, etc Includes bibliographical references (p. 141-146) and index.
600 10 - SUBJECT ADDED ENTRY--PERSONAL NAME
Personal name Kant, Immanuel,
Dates associated with a name 1724-1804.
9 (RLIN) 18231
600 10 - SUBJECT ADDED ENTRY--PERSONAL NAME
Personal name Husserl, Edmund,
Dates associated with a name 1859-1938.
9 (RLIN) 717
650 #0 - SUBJECT ADDED ENTRY--TOPICAL TERM
Topical term or geographic name as entry element Self (Philosophy)
9 (RLIN) 17967
650 #0 - SUBJECT ADDED ENTRY--TOPICAL TERM
Topical term or geographic name as entry element Transcendentalism.
9 (RLIN) 1173
856 42 - ELECTRONIC LOCATION AND ACCESS
Materials specified Publisher description
Uniform Resource Identifier <a href="http://www.loc.gov/catdir/enhancements/fy0603/98028135-d.html">http://www.loc.gov/catdir/enhancements/fy0603/98028135-d.html</a>
906 ## - LOCAL DATA ELEMENT F, LDF (RLIN)
a 7
b cbc
c orignew
d 1
e ocip
f 19
g y-gencatlg
942 ## - ADDED ENTRY ELEMENTS (KOHA)
Source of classification or shelving scheme Library of Congress Classification
Item type Monograph ( Printed materials)
Holdings
Withdrawn status Lost status Source of classification or shelving scheme Damaged status Not for loan Collection code Home library Current library Shelving location Date acquired Total Checkouts Full call number Barcode Date last seen Date last borrowed Price effective from Koha item type
    Library of Congress Classification     Main Collection ARRUPE LIBRARY ARRUPE LIBRARY Main Collection 16/07/2015 2 BD438.5 .C35 1999 46500004584 02/09/2016 23/10/2015 16/07/2015 Monograph ( Printed materials)

 

Arrupe Library. PO Box MP320 Mt Pleasant, Harare, Zimbabwe
263 242 745411|librarian@aju.ac.zw